Songs By Picture Quiz #7 - Statistics

General Stats
  • This quiz has been taken 3,157 times
  • The average score is 6 of 15
Answer Stats
Picture Hint Answer % Correct
The Police Message in a Bottle
88%
Edgar Winter Frankenstein
85%
Eric Clapton Cocaine
76%
The Hollies Bus Stop
62%
Sam the Sham & The Pharaohs Lil' Red Ridin' Hood
42%
The Crazy World of Arthur Brown Fire
41%
Jimmy Buffett Margaritaville
39%
Kansas Dust in the Wind
36%
Blood Sweat & Tears Spinning Wheel
34%
T. Rex Bang a Gong
30%
The Beachboys Good Vibrations
26%
Heart Magic Man
21%
Herman's Hermits I'm Henry the Eighth, I Am
13%
The Box Tops Cry Like a Baby
6%
Hugh Masakela / The Friends of Distinction Grazing in the Grass
5%
No matching quizzes found
Score Distribution
Percent of People with Each Score
Percentile by Number Answered
Your Score History
You have not taken this quiz